• 首页
  • 本馆介绍
  • 公告通知
  • 最新文献
  • 馆藏检索
  • 电子资源
  • 读者导购
  • 参考咨询
  • 我的图书馆
  • 登录
  • 详细信息显示
  • 放入我的书架
  • 预约/预借图书
  • 作者相关作品
  • 分类相关作品
  • 丛书相关作品
  • 出版社相关作品

书目信息

  • 表格格式
  • 工作单格式
  • 卡片格式
题名:
认知障碍新理论新进展
    
 
作者: 张玉梅 , 宋鲁平 主编
分册:  
出版信息: 北京   科学技术文献出版社  2021.6
页数: 428页
开本: 21cm
丛书名:
单 册:
中图分类: R749.1
科图分类:
主题词: 认知障碍--诊疗
电子资源:
ISBN: 978-7-5189-6862-6
000 00874nam0 2200241 45
001 012001000186
005 20140817160548.0
010    @a978-7-5189-6862-6@dCNY58.00
100    @a20200928d2020 em y0chiy0110 ea
101 0  @achi
102    @aCN@b110000
105    @aa z 000yy
106    @ar
200 1  @a认知障碍新理论新进展@Aren zhi zhang ai xin li lun xin jin zhan@f张玉梅, 宋鲁平主编
210    @a北京@c科学技术文献出版社@d2021.6
215    @a428页@c彩图@d21cm
330    @a本书针对认知障碍,从不同种类和不同原因两个层面对认知障碍生理病理学机制、神经心理学表现、诊断筛查与评估、康复适宜技术、新型康复技术与机制等方面的研究进展进行了整理和分析。
606 0  @a认知障碍@x诊疗
690    @aR749.1@v5
701  0 @a张玉梅@Azhang yu mei@c(女)@4主编
701  0 @a宋鲁平@Asong lu ping@c(女)@4主编
801    @aCN@bAHXH@c20210922
905    @b1357316-20@dR749.1@e340@f5
    
    认知障碍新理论新进展/张玉梅, 宋鲁平主编.-北京:科学技术文献出版社,2021.6
    428页:彩图;21cm
    
    
    ISBN 978-7-5189-6862-6:CNY58.00
    本书针对认知障碍,从不同种类和不同原因两个层面对认知障碍生理病理学机制、神经心理学表现、诊断筛查与评估、康复适宜技术、新型康复技术与机制等方面的研究进展进行了整理和分析。
●
相关链接 在E读中查询图书 在五车中查询图书 在当当中查询图书 在豆瓣中查询图书


正题名:认知障碍新理论新进展     索取号:R749.1/340         预约/预借

序号 登录号 条形码 馆藏地/架位号 状态 备注
1 1357316   213573168   第二样本阅览室/ [索取号:R749.1/340] 在馆    
2 1357317   213573177   教育系资料室/ [索取号:R749.1/340] 在馆    
3 1357318   213573186   教育系资料室/ [索取号:R749.1/340] 在馆    
4 1357319   213573195   第三借阅区/ [索取号:R749.1/340] 在馆    
5 1357320   213573202   第三借阅区/ [索取号:R749.1/340] 在馆    
唐山师范学院图书馆 欢迎您!
大连网信软件有限公司© 版权所有